000
00239nmm a2200085Ia 4500
008
220120s9999||||xx |||||||||||||||||und||
100
_a
EFY
245
2
_a
A collection of opensource software, libre office, open offi
260
_a
EFY enterprises
999
_c
140020
_d
140020